| 000 | 00526nam a22001577a 4500 | ||
|---|---|---|---|
| 005 | 20251108164129.0 | ||
| 008 | 250721s1987 xx 000 0 ara d | ||
| 082 | 1 | 4 | _a301.15/محم |
| 245 | 1 | 0 |
_aالسلوك الإنساني : _bمدخل إلى علم النفس الإجتماعي / |
| 264 |
_bالشركة المتحدة للطباعة و النشر و التوزيع، _c1987. |
||
| 300 | _a248ص | ||
| 650 | 1 | 7 | _aعلم النفس |
| 650 | 1 | 7 | _aعلم النفس الإجتماعي |
| 942 |
_2ddc _cBK |
||
| 999 |
_c4377 _d4377 |
||